[Event "CZE-chT2D 1415"]
[Site "Czech Republic"]
[Date "2015.03.29"]
[Round "10.2"]
[White "Fiala, Jaroslav"]
[Black "Balacek, Tadeas"]
[Result "0-1"]
[WhiteElo "2173"]
[BlackElo "2217"]
[PlyCount "80"]
[EventDate "2014.11.02"]
[EventType "team-tourn"]
[EventRounds "11"]
[EventCountry "CZE"]
[SourceTitle "EXT 2022"]
[Source "ChessBase"]
[SourceDate "2021.10.06"]
[SourceVersion "1"]
[SourceVersionDate "2021.10.06"]
[SourceQuality "1"]
[WhiteTeam "Jicin II"]
[BlackTeam "Velke Losiny"]
[WhiteTeamCountry "CZE"]
[BlackTeamCountry "CZE"]

1. e4 e6 2. d3 d5 3. Nd2 Nf6 4. Ngf3 Bc5 5. h3 0-0 6. Be2 Be7 7. 0-0 c5 8. exd5 exd5 9. d4 c4 10. Ne5 Nc6 11. Nxc6 bxc6 12. b3 cxb3 13. axb3 Qb6 14. c3 Bf5 15. Re1 Rfe8 16. Bf1 c5 17. Re5 Bg6 18. Ra6 Qb7 19. Qe2 c4 20. Rxf6 gxf6 21. Re3 cxb3 22. Nxb3 Qxb3 23. Rxe7 Rxe7 24. Qxe7 Qxc3 25. Be3 Kg7 26. Qb7 Rc8 27. h4 a5 28. Qxd5 a4 29. h5 Bc2 30. h6+ Kg8 31. Qd6 Qc6 32. Qa3 Qd5 33. Be2 Rb8 34. Bf3 Be4 35. Qxa4 Bxf3 36. gxf3 Qxf3 37. Kh2 Qh5+ 38. Kg2 Qg4+ 39. Kh2 Kh8 40. Qc6 Qh5+ 0-1

[Event "CZE-chT2D 1415"]
[Site "Czech Republic"]
[Date "2014.11.16"]
[Round "2.3"]
[White "Fiala, Jaroslav"]
[Black "Nemec, Pavel"]
[Result "1-0"]
[WhiteElo "2173"]
[BlackElo "2265"]
[PlyCount "57"]
[EventDate "2014.11.02"]
[EventType "team-tourn"]
[EventRounds "11"]
[EventCountry "CZE"]
[SourceTitle "EXT 2022"]
[Source "ChessBase"]
[SourceDate "2021.10.06"]
[SourceVersion "1"]
[SourceVersionDate "2021.10.06"]
[SourceQuality "1"]
[WhiteTeam "Jicin II"]
[BlackTeam "Vysoke Myto"]
[WhiteTeamCountry "CZE"]
[BlackTeamCountry "CZE"]

1. e4 c5 2. Nf3 d6 3. c3 Nf6 4. Be2 Nc6 5. d4 cxd4 6. cxd4 Nxe4 7. d5 Qa5+ 8. Nc3 Nxc3 9. bxc3 Nb8 10. 0-0 Nd7 11. Rb1 a6 12. c4 Nc5 13. Be3 Bf5 14. Rb2 Qc7 15. Nh4 Bc8 16. f4 g6 17. Bd4 Rg8 18. f5 g5 19. Bh5 Bg7 20. Bxf7+ Kxf7 21. Qh5+ Kf8 22. f6 exf6 23. Bxf6 Bxf6 24. Rxf6+ Kg7 25. Rbf2 Bf5 26. R2xf5 Kh8 27. Rf7 Rg7 28. Ng6+ Kg8 29. Rf8+ 1-0

[Event "CZE-chT2D 1314"]
[Site "Czech Republic"]
[Date "2013.12.01"]
[Round "3.7"]
[White "Fiala, Jaroslav"]
[Black "Trojan, Lubos"]
[Result "1/2-1/2"]
[WhiteElo "2187"]
[BlackElo "2018"]
[PlyCount "43"]
[EventDate "2013.11.03"]
[EventType "team-tourn"]
[EventRounds "11"]
[EventCountry "CZE"]
[SourceTitle "EXT 2016"]
[Source "ChessBase"]
[SourceDate "2015.10.08"]
[SourceVersion "1"]
[SourceVersionDate "2015.10.08"]
[SourceQuality "1"]
[WhiteTeam "Jicin II"]
[BlackTeam "Polabiny II"]
[WhiteTeamCountry "CZE"]
[BlackTeamCountry "CZE"]

1. d4 Nf6 2. Nf3 e6 3. c4 b6 4. Nc3 Bb7 5. a3 d5 6. cxd5 exd5 7. Bf4 Bd6 8. Bxd6 Qxd6 9. e3 c6 10. Be2 Nbd7 11. 0-0 0-0 12. b4 Rfe8 13. Qb3 Ne4 14. Nxe4 Rxe4 15. a4 Rb8 16. Qa3 Re6 17. Rfc1 Rh6 18. h3 Re8 19. Nh2 f5 20. Qd3 Qg6 21. Kf1 Qf6 22. b5 1/2-1/2

[Event "CZE-chT2B 1213"]
[Site "Czech Republic"]
[Date "2013.02.03"]
[Round "8.3"]
[White "Polak, Benedikt"]
[Black "Fiala, Jaroslav"]
[Result "1-0"]
[WhiteElo "2177"]
[BlackElo "2207"]
[PlyCount "58"]
[EventDate "2012.10.14"]
[EventType "team-tourn"]
[EventRounds "11"]
[EventCountry "CZE"]
[SourceTitle "EXT 2015"]
[Source "ChessBase"]
[SourceDate "2014.11.20"]
[SourceVersion "1"]
[SourceVersionDate "2014.11.20"]
[SourceQuality "1"]
[WhiteTeam "Liberec Desko"]
[BlackTeam "Jicin II"]
[WhiteTeamCountry "CZE"]
[BlackTeamCountry "CZE"]

1. c4 Nf6 2. g3 g6 3. Bg2 Bg7 4. Nc3 0-0 5. e4 d6 6. Nge2 e5 7. 0-0 Nc6 8. d3 h5 9. Bg5 Qd7 10. Nd5 Nh7 11. Be3 Ne7 12. d4 c6 13. Ndc3 h4 14. Qd2 h3 15. Bh1 Nf6 16. Rad1 b6 17. Bh6 Qc7 18. Bxg7 Kxg7 19. f4 Bg4 20. fxe5 dxe5 21. Qg5 Nf5 22. exf5 exd4 23. Rxd4 Bxe2 24. Nxe2 Qe5 25. Qd2 Rae8 26. Rh4 Qc5+ 27. Nd4 Rh8 28. b4 Qd6 29. fxg6 Qd8 1-0

[Event "CZE-chT1W 1213"]
[Site "Czech Republic"]
[Date "2013.01.27"]
[Round "6.6"]
[White "Kozusek, Daniel"]
[Black "Fiala, Jaroslav"]
[Result "1/2-1/2"]
[WhiteElo "2043"]
[BlackElo "2207"]
[PlyCount "82"]
[EventDate "2012.10.28"]
[EventType "team-tourn"]
[EventRounds "11"]
[EventCountry "CZE"]
[SourceTitle "EXT 2014"]
[Source "ChessBase"]
[SourceDate "2013.11.20"]
[SourceVersion "1"]
[SourceVersionDate "2013.11.20"]
[SourceQuality "1"]
[WhiteTeam "Polabiny"]
[BlackTeam "Jicin"]
[WhiteTeamCountry "CZE"]
[BlackTeamCountry "CZE"]

1. d4 e6 2. c4 b6 3. e4 Bb7 4. Bd3 Bb4+ 5. Bd2 Bxd2+ 6. Qxd2 f5 7. f3 fxe4 8. fxe4 Bxe4 9. Bxe4 Qh4+ 10. Qf2 Qxe4+ 11. Ne2 Nf6 12. 0-0 0-0 13. Nbc3 Qg6 14. Nf4 Qh6 15. Qg3 Nc6 16. d5 Nd4 17. dxe6 dxe6 18. Rae1 Rae8 19. Nd3 c5 20. h3 Nh5 21. Rxf8+ Rxf8 22. Qe3 Nf4 23. Nxf4 Qxf4 24. Nb5 Qxe3+ 25. Rxe3 Nxb5 26. cxb5 Re8 27. Rd3 Re7 28. Kf2 Kf7 29. Ke3 Ke8 30. Rd6 Kf7 31. Kf4 Kf6 32. Ke4 Rc7 33. a4 h5 34. h4 g6 35. g3 Re7 36. Kf4 Rf7 37. Rd3 e5+ 38. Ke4 Ke6 39. Rd8 Rf2 40. Re8+ Kd6 41. Rd8+ Ke6 1/2-1/2

[Event "CZE-chT1W 1213"]
[Site "Czech Republic"]
[Date "2012.12.09"]
[Round "4.5"]
[White "Fiala, Jaroslav"]
[Black "Liuba, Volodymyr"]
[Result "1/2-1/2"]
[WhiteElo "2207"]
[BlackElo "2184"]
[PlyCount "44"]
[EventDate "2012.10.28"]
[EventType "team-tourn"]
[EventRounds "11"]
[EventCountry "CZE"]
[SourceTitle "EXT 2014"]
[Source "ChessBase"]
[SourceDate "2013.11.20"]
[SourceVersion "1"]
[SourceVersionDate "2013.11.20"]
[SourceQuality "1"]
[WhiteTeam "Jicin"]
[BlackTeam "Praha Sokol"]
[WhiteTeamCountry "CZE"]
[BlackTeamCountry "CZE"]

1. d4 Nf6 2. Nf3 e6 3. c4 b6 4. a3 Bb7 5. Nc3 d5 6. cxd5 Nxd5 7. Qc2 Be7 8. Bd2 0-0 9. e4 Nxc3 10. Bxc3 c5 11. Rd1 cxd4 12. Nxd4 Qc8 13. Be2 Nc6 14. Nf3 e5 15. 0-0 Qe6 16. b4 Rfd8 17. Rfe1 Rxd1 18. Bxd1 Rd8 19. Qb2 Nd4 20. h3 Nxf3+ 21. Bxf3 Bf6 22. Bg4 Qe7 1/2-1/2

[Event "CZE-chT rap"]
[Site "Pardubice"]
[Date "2012.07.13"]
[Round "2.5"]
[White "Kosek, Jiri"]
[Black "Fiala, Jaroslav"]
[Result "1-0"]
[WhiteElo "2106"]
[BlackElo "2237"]
[PlyCount "123"]
[EventDate "2012.07.12"]
[EventType "team-swiss"]
[EventRounds "7"]
[EventCountry "CZE"]
[SourceTitle "EXT 2013"]
[Source "ChessBase"]
[SourceDate "2012.11.22"]
[SourceVersion "1"]
[SourceVersionDate "2012.11.22"]
[SourceQuality "1"]

1. c4 Nf6 2. Nc3 g6 3. d4 Bg7 4. g3 0-0 5. Bg2 d6 6. e4 e5 7. Nge2 Nbd7 8. 0-0 c6 9. d5 cxd5 10. Nxd5 Nxd5 11. Qxd5 Nc5 12. b3 Be6 13. Qd2 Qb6 14. Bb2 a5 15. Rac1 Rfd8 16. Rfd1 h5 17. Ba3 Kh7 18. Rc3 Bh6 19. Qc2 Na6 20. Bc1 Nb4 21. Qb2 Bxc1 22. Rcxc1 Bg4 23. Rc3 Bxe2 24. Qxe2 Nc6 25. Rd5 Nd4 26. Qd1 Qb4 27. Rd3 a4 28. Bf3 axb3 29. axb3 Ra2 30. Kg2 Rda8 31. R3xd4 exd4 32. Qxd4 Qe1 33. Rxd6 R8a6 34. Rd8 Rf6 35. e5 Re6 36. Rd7 Qxe5 37. Qxe5 Rxe5 38. Rxf7+ Kg8 39. Rxb7 Kf8 40. b4 Rf5 41. b5 h4 42. gxh4 Rc2 43. Be4 Rfxf2+ 44. Kg3 Rb2 45. b6 Rf6 46. Rb8+ Ke7 47. b7 Re6 48. Bd5 Re3+ 49. Kf4 Reb3 50. Rg8 Kd6 51. Rxg6+ Kc5 52. Rg8 Rb1 53. Rc8+ Kd6 54. Rc6+ Kd7 55. Rg6 Rf1+ 56. Ke4 Rfb1 57. Kd4 Ra3 58. Rg7+ Kd8 59. Ke5 Re3+ 60. Kd6 Rb6+ 61. Kc5 Reb3 62. h5 1-0

[Event "CZE-chT1W 1112"]
[Site "Czech Republic"]
[Date "2012.03.18"]
[Round "10.5"]
[White "Straka, Vojtech"]
[Black "Fiala, Jaroslav"]
[Result "1/2-1/2"]
[WhiteElo "2246"]
[BlackElo "2235"]
[PlyCount "65"]
[EventDate "2011.10.02"]
[EventType "team-tourn"]
[EventRounds "11"]
[EventCountry "CZE"]
[SourceTitle "EXT 2013"]
[Source "ChessBase"]
[SourceDate "2012.11.22"]
[SourceVersion "1"]
[SourceVersionDate "2012.11.22"]
[SourceQuality "1"]
[WhiteTeam "Praha Oaza"]
[BlackTeam "Jicin"]
[WhiteTeamCountry "CZE"]
[BlackTeamCountry "CZE"]

1. c4 Nf6 2. Nc3 g6 3. g3 Bg7 4. Bg2 0-0 5. Nf3 d6 6. 0-0 Nc6 7. Rb1 Nh5 8. d3 f5 9. Bd2 f4 10. b4 fxg3 11. fxg3 Bg4 12. Qb3 Bxf3 13. c5+ Kh8 14. Rxf3 Rxf3 15. Bxf3 Nd4 16. Qf7 Nxf3+ 17. Qxf3 dxc5 18. bxc5 Qd4+ 19. Qf2 b6 20. cxb6 axb6 21. Qxd4 Bxd4+ 22. e3 Bxc3 23. Bxc3+ Kg8 24. Be5 Rxa2 25. Bxc7 Nf6 26. Bxb6 Ng4 27. Rf1 Nxh2 28. Rf2 Rxf2 29. Kxf2 Ng4+ 30. Kf3 h5 31. Kf4 Kf7 32. e4 Kf6 33. d4 1/2-1/2

[Event "CZE-chT2C 1112"]
[Site "Czech Republic"]
[Date "2012.01.08"]
[Round "5.3"]
[White "Konopka, Lukas"]
[Black "Fiala, Jaroslav"]
[Result "0-1"]
[WhiteElo "1926"]
[BlackElo "2235"]
[PlyCount "90"]
[EventDate "2011.10.09"]
[EventType "team-tourn"]
[EventRounds "11"]
[EventCountry "CZE"]
[SourceTitle "EXT 2013"]
[Source "ChessBase"]
[SourceDate "2012.11.22"]
[SourceVersion "1"]
[SourceVersionDate "2012.11.22"]
[SourceQuality "1"]
[WhiteTeam "Turnov Zikuda III"]
[BlackTeam "Jicin II"]
[WhiteTeamCountry "CZE"]
[BlackTeamCountry "CZE"]

1. e4 g6 2. d4 Bg7 3. c4 d6 4. Nc3 Nf6 5. Nf3 0-0 6. Be2 Bg4 7. Be3 Nfd7 8. Qd2 e5 9. 0-0-0 a6 10. h3 Bxf3 11. gxf3 Nc6 12. d5 Nd4 13. f4 Nc5 14. fxe5 Ncb3+ 15. axb3 Nxb3+ 16. Kc2 Nxd2 17. Bxd2 Bxe5 18. f4 Bg7 19. h4 c6 20. h5 Qf6 21. Bd3 cxd5 22. e5 dxe5 23. Nxd5 Qd8 24. f5 e4 25. Bxe4 Re8 26. Bd3 Rc8 27. Bc3 Bxc3 28. Nxc3 g5 29. f6 Qxf6 30. Rhf1 Qe5 31. Nd5 Rc6 32. Rd2 Kg7 33. Rf5 Qg3 34. Rdf2 f6 35. h6+ Kxh6 36. Nxf6 Rd8 37. R5f3 Rxd3 38. Ng8+ Kg7 39. Rxg3 Rxg3 40. Ne7 Rxc4+ 41. Kb1 Rg1+ 42. Ka2 Rf4 43. Rd2 g4 44. Nd5 Re4 45. Nc3 Re7 0-1

[Event "CZE-chT2C 1112"]
[Site "Czech Republic"]
[Date "2011.12.04"]
[Round "4.6"]
[White "Marsalek, Zdenek"]
[Black "Fiala, Jaroslav"]
[Result "1-0"]
[WhiteElo "2257"]
[BlackElo "2235"]
[PlyCount "37"]
[EventDate "2011.10.09"]
[EventType "team-tourn"]
[EventRounds "11"]
[EventCountry "CZE"]
[SourceTitle "EXT 2013"]
[Source "ChessBase"]
[SourceDate "2012.11.22"]
[SourceVersion "1"]
[SourceVersionDate "2012.11.22"]
[SourceQuality "1"]
[WhiteTeam "Turnov Zikuda II"]
[BlackTeam "Jicin II"]
[WhiteTeamCountry "CZE"]
[BlackTeamCountry "CZE"]

1. d4 Nf6 2. Nf3 c5 3. d5 e6 4. c4 exd5 5. cxd5 d6 6. Nc3 g6 7. h3 a6 8. a4 Qc7 9. Bf4 Nh5 10. Bh2 f5 11. e3 f4 12. Bd3 Bh6 13. 0-0 fxe3 14. fxe3 0-0 15. Re1 Nd7 16. Ne4 Ne5 17. Nxe5 dxe5 18. d6 Qg7 19. Nxc5 1-0

[Event "CZE-chT2C 1112"]
[Site "Czech Republic"]
[Date "2011.11.06"]
[Round "2.5"]
[White "Fiala, Jaroslav"]
[Black "Krouzel, Jaroslav"]
[Result "1-0"]
[WhiteElo "2235"]
[BlackElo "2133"]
[PlyCount "93"]
[EventDate "2011.10.09"]
[EventType "team-tourn"]
[EventRounds "11"]
[EventCountry "CZE"]
[SourceTitle "EXT 2013"]
[Source "ChessBase"]
[SourceDate "2012.11.22"]
[SourceVersion "1"]
[SourceVersionDate "2012.11.22"]
[SourceQuality "1"]
[WhiteTeam "Jicin II"]
[BlackTeam "Pankrac II"]
[WhiteTeamCountry "CZE"]
[BlackTeamCountry "CZE"]

1. e4 e6 2. d3 d5 3. Nd2 c5 4. Ngf3 g6 5. g3 Bg7 6. Bg2 Nf6 7. 0-0 0-0 8. Re1 Nc6 9. c3 b6 10. exd5 exd5 11. Nb3 Bb7 12. Bf4 Qd7 13. Ne5 Nxe5 14. Bxe5 Rae8 15. d4 c4 16. Nd2 Ng4 17. Bxg7 Rxe1+ 18. Qxe1 Kxg7 19. Qd1 Re8 20. Qf3 Re7 21. Nf1 Qe6 22. h3 Nf6 23. Ne3 Ne4 24. h4 f5 25. Qf4 b5 26. Nc2 Qd6 27. Qxd6 Nxd6 28. Ne3 Ne4 29. a4 b4 30. cxb4 Nxg3 31. Bxd5 Ne2+ 32. Kf1 Nxd4 33. Rd1 Nf3 34. Bxb7 Rxb7 35. b5 Ne5 36. Rd5 Kf6 37. Rc5 f4 38. Nxc4 Nf3 39. Rc6+ Kg7 40. Nd6 Re7 41. Rc7 Kf6 42. Rxe7 Kxe7 43. Nc8+ Kd7 44. Nxa7 Kc7 45. Nc6 Kb6 46. b4 h5 47. Ne7 1-0

[Event "CZE-chT1W 1112"]
[Site "Czech Republic"]
[Date "2011.10.30"]
[Round "2.8"]
[White "Suran, Jan"]
[Black "Fiala, Jaroslav"]
[Result "1-0"]
[WhiteElo "2360"]
[BlackElo "2235"]
[PlyCount "121"]
[EventDate "2011.10.02"]
[EventType "team-tourn"]
[EventRounds "11"]
[EventCountry "CZE"]
[SourceTitle "EXT 2012"]
[Source "ChessBase"]
[SourceDate "2011.11.24"]
[SourceVersion "1"]
[SourceVersionDate "2011.11.24"]
[SourceQuality "1"]
[WhiteTeam "Lysa nad Labem II"]
[BlackTeam "Jicin"]
[WhiteTeamCountry "CZE"]
[BlackTeamCountry "CZE"]

1. e4 g6 2. d4 Bg7 3. Nc3 d6 4. Be3 a6 5. Bd3 b5 6. Qd2 Bb7 7. a4 b4 8. Nce2 a5 9. Nf3 Nf6 10. Ng3 Nbd7 11. Bh6 Bxh6 12. Qxh6 e6 13. 0-0 Qe7 14. Rfe1 Ng4 15. Qf4 h5 16. h3 e5 17. Qd2 Ngf6 18. c3 bxc3 19. Qxc3 c5 20. dxe5 dxe5 21. Nf1 c4 22. Bxc4 Nxe4 23. Qc2 Nd6 24. Be2 0-0 25. Rad1 Nf6 26. Qc5 Nfe4 27. Qxe5 Qxe5 28. Nxe5 Rfd8 29. Ne3 Nc5 30. N3c4 Nxc4 31. Bxc4 Kg7 32. Nxf7 Rxd1 33. Rxd1 Nxa4 34. Ne5 Nc5 35. Rd6 Be4 36. f3 Re8 37. Nd7 Rd8 38. Nxc5 Rxd6 39. Nxe4 Rd4 40. Be6 Rb4 41. b3 a4 42. bxa4 Rxa4 43. h4 Ra6 44. Bc4 Ra4 45. Bb5 Ra5 46. Be2 Ra2 47. Kf2 Rb2 48. Ke3 Ra2 49. g3 Ra1 50. Kf4 Ra2 51. Bd3 Ra3 52. Bc4 Ra4 53. Bd5 Ra3 54. Ng5 Ra1 55. Be4 Kf6 56. Ke3 Rg1 57. Kf2 Ra1 58. Nh3 Ra2+ 59. Ke3 Rg2 60. Nf4 Rxg3 61. Kf2 1-0

[Event "CZE-chT2C 1011"]
[Site "Czech Republic"]
[Date "2011.03.27"]
[Round "10.5"]
[White "Cakl, Zdenek"]
[Black "Fiala, Jaroslav"]
[Result "1/2-1/2"]
[WhiteElo "2114"]
[BlackElo "2259"]
[PlyCount "20"]
[EventDate "2010.10.17"]
[EventType "team-tourn"]
[EventRounds "11"]
[EventCountry "CZE"]
[SourceTitle "EXT 2012"]
[Source "ChessBase"]
[SourceDate "2011.11.24"]
[SourceVersion "1"]
[SourceVersionDate "2011.11.24"]
[SourceQuality "1"]
[WhiteTeam "Liberec"]
[BlackTeam "Jicin II"]
[WhiteTeamCountry "CZE"]
[BlackTeamCountry "CZE"]

1. Nf3 Nf6 2. b3 d6 3. d4 Bg4 4. Bb2 Nbd7 5. Nbd2 c6 6. g3 Qc7 7. Bg2 e5 8. 0-0 Be7 9. dxe5 dxe5 10. Nc4 Bxf3 1/2-1/2

[Event "CZE-chT2C 1011"]
[Site "Czech Republic"]
[Date "2011.03.06"]
[Round "9.5"]
[White "Fiala, Jaroslav"]
[Black "Neckar, Lubomir"]
[Result "0-1"]
[WhiteElo "2259"]
[BlackElo "2349"]
[PlyCount "72"]
[EventDate "2010.10.17"]
[EventType "team-tourn"]
[EventRounds "11"]
[EventCountry "CZE"]
[SourceTitle "EXT 2012"]
[Source "ChessBase"]
[SourceDate "2011.11.24"]
[SourceVersion "1"]
[SourceVersionDate "2011.11.24"]
[SourceQuality "1"]
[WhiteTeam "Jicin II"]
[BlackTeam "Lysa nad Labem II"]
[WhiteTeamCountry "CZE"]
[BlackTeamCountry "CZE"]

1. e4 Nf6 2. e5 Nd5 3. d4 d6 4. Bc4 Nb6 5. Bb3 Bf5 6. Qe2 e6 7. h4 Nc6 8. c3 dxe5 9. dxe5 Qd3 10. Qxd3 Bxd3 11. Bf4 0-0-0 12. Nd2 Nd7 13. Ngf3 Nc5 14. Be3 h6 15. h5 Be7 16. Bxc5 Bxc5 17. Rh4 Bf5 18. Rf4 Be7 19. g4 g5 20. hxg6 Bxg6 21. 0-0-0 Bg5 22. Ra4 b5 23. Ra3 Be7 24. Ra6 Kb7 25. Rxc6 Kxc6 26. Nd4+ Kb6 27. f4 c5 28. N4f3 h5 29. g5 h4 30. Rh1 h3 31. Bc2 c4 32. Ne4 Bc5 33. Nxc5 Kxc5 34. Nd4 Bxc2 35. Kxc2 Rxd4 36. cxd4+ Kxd4 0-1

[Event "CZE-chT1W 1011"]
[Site "Czech Republic"]
[Date "2010.10.31"]
[Round "2.6"]
[White "Dubansky, Bohuslav"]
[Black "Fiala, Jaroslav"]
[Result "1-0"]
[WhiteElo "2230"]
[BlackElo "2259"]
[PlyCount "45"]
[EventDate "2010.10.10"]
[EventType "team-tourn"]
[EventRounds "11"]
[EventCountry "CZE"]
[SourceTitle "EXT 2012"]
[Source "ChessBase"]
[SourceDate "2011.11.24"]
[SourceVersion "1"]
[SourceVersionDate "2011.11.24"]
[SourceQuality "1"]
[WhiteTeam "Praha Bohemians"]
[BlackTeam "Jicin"]
[WhiteTeamCountry "CZE"]
[BlackTeamCountry "CZE"]

1. e4 e6 2. d4 d5 3. exd5 exd5 4. Bd3 Bd6 5. Nf3 Nf6 6. 0-0 0-0 7. Bg5 h6 8. Bh4 Re8 9. Nbd2 Nbd7 10. c3 Nf8 11. Qb3 c6 12. Rfe1 Rxe1+ 13. Rxe1 Ne6 14. Ne5 g5 15. Bg3 Nh5 16. Bb1 Nxg3 17. hxg3 Qf8 18. Nf1 f6 19. Ng4 Qg7 20. Nfe3 Nf8 21. Bf5 h5 22. Bxc8 hxg4 23. Qxb7 1-0

[Event "CZE-chT2C 1011"]
[Site "Czech Republic"]
[Date "2010.10.17"]
[Round "1.5"]
[White "Fiala, Jaroslav"]
[Black "Vrkota, Milos"]
[Result "1-0"]
[WhiteElo "2259"]
[BlackElo "2079"]
[PlyCount "53"]
[EventDate "2010.10.17"]
[EventType "team-tourn"]
[EventRounds "11"]
[EventCountry "CZE"]
[SourceTitle "EXT 2012"]
[Source "ChessBase"]
[SourceDate "2011.11.24"]
[SourceVersion "1"]
[SourceVersionDate "2011.11.24"]
[SourceQuality "1"]
[WhiteTeam "Jicin II"]
[BlackTeam "Kutna Hora"]
[WhiteTeamCountry "CZE"]
[BlackTeamCountry "CZE"]

1. Nf3 d5 2. g3 Nf6 3. Bg2 c6 4. 0-0 Bf5 5. d3 e6 6. Nbd2 h6 7. b3 Be7 8. Bb2 0-0 9. Ne5 Nbd7 10. Nxd7 Nxd7 11. e4 Bh7 12. Qe2 Qc7 13. f4 dxe4 14. dxe4 a5 15. a4 Rfd8 16. Nc4 b5 17. Ne3 Qb6 18. Kh1 Nc5 19. f5 exf5 20. exf5 Bg5 21. axb5 Re8 22. Nc4 Rxe2 23. Nxb6 Rb8 24. bxc6 Rxb6 25. Rxa5 Na6 26. Bd4 Rxg2 27. Bxb6 1-0

[Event "CZE-chT2C 0910"]
[Site "Czech Republic"]
[Date "2010.04.18"]
[Round "11.5"]
[White "Fiala, Jaroslav"]
[Black "Fiedler, Bedrich"]
[Result "1/2-1/2"]
[WhiteElo "2248"]
[BlackElo "2117"]
[PlyCount "22"]
[EventDate "2009.10.18"]
[EventType "team-tourn"]
[EventRounds "11"]
[EventCountry "CZE"]
[SourceTitle "EXT 2011"]
[Source "ChessBase"]
[SourceDate "2010.11.26"]
[SourceVersion "1"]
[SourceVersionDate "2010.11.26"]
[SourceQuality "1"]
[WhiteTeam "Jicin"]
[BlackTeam "Lipa"]
[WhiteTeamCountry "CZE"]
[BlackTeamCountry "CZE"]

1. Nf3 d5 2. c4 c6 3. e3 Nf6 4. Nc3 g6 5. d4 Bg7 6. Be2 0-0 7. 0-0 Bg4 8. Qb3 b6 9. h3 Bxf3 10. Bxf3 e6 11. Rd1 Nbd7 1/2-1/2

[Event "CZE-chT2C 0910"]
[Site "Czech Republic"]
[Date "2010.02.28"]
[Round "8.4"]
[White "Fiala, Jaroslav"]
[Black "Vavrinec, Tomas"]
[Result "1-0"]
[WhiteElo "2248"]
[BlackElo "2081"]
[PlyCount "69"]
[EventDate "2009.10.18"]
[EventType "team-tourn"]
[EventRounds "11"]
[EventCountry "CZE"]
[SourceTitle "EXT 2011"]
[Source "ChessBase"]
[SourceDate "2010.11.26"]
[SourceVersion "1"]
[SourceVersionDate "2010.11.26"]
[SourceQuality "1"]
[WhiteTeam "Jicin"]
[BlackTeam "Ricany"]
[WhiteTeamCountry "CZE"]
[BlackTeamCountry "CZE"]

1. d4 c5 2. d5 b5 3. e4 a6 4. c4 g6 5. Qc2 Bg7 6. cxb5 d6 7. Nc3 Nf6 8. Nf3 0-0 9. a4 Bd7 10. Nd2 axb5 11. Bxb5 Na6 12. Bxa6 Rxa6 13. 0-0 Qa5 14. Ra3 Rb8 15. Nc4 Qb4 16. b3 Qb7 17. Bf4 Qb4 18. Bd2 Qb7 19. Rb1 Ng4 20. a5 Bd4 21. Nd1 f5 22. Nb6 Rxb6 23. axb6 Qxb6 24. Bc3 fxe4 25. Rba1 Bf5 26. Qe2 Qb7 27. Ra7 Qxb3 28. Bxd4 cxd4 29. Rxe7 Qxd5 30. h3 Ne5 31. Qd2 Be6 32. Ra5 Qb3 33. Qxd4 Bxh3 34. Raxe5 dxe5 35. Qxe5 1-0